| 000 | 00563nam a2200181 4500 | ||
|---|---|---|---|
| 001 | 112463 | ||
| 003 | ES-MaACL | ||
| 007 | t| | ||
| 008 | 061121s1977 sp r ||||1| spa d | ||
| 100 | 1 |
_aMuñoz Merino, Elias. _9214113 |
|
| 245 | 1 | 0 |
_aCircuitos electrónicos / _cElías Muñoz Merino. |
| 250 | _a[3ª ed.]. | ||
| 260 |
_aMadrid : _bE.T.S.I.T. Cátedra de Electrónica, _c1977-79. |
||
| 300 |
_a4 v. : _bil ; _c29 cm. |
||
| 505 | 8 | _aContiene: Vol. 1 y 2 . Analógicos. Vol. 3 y 4. Digitales | |
| 852 |
_aES-MaACL _jL-35-38 _bR.100189 |
||
| 999 |
_c112463 _d112463 |
||